El Paraíso en la otra esquina

Uloženo v:
Podrobná bibliografie
Hlavní autor: Vargas LLosa, Mario
Médium: Kniha
Jazyk:Undetermined
Vydáno: Madrid, España Punto de lectura 2003
Témata:
Tagy: Přidat tag
Žádné tagy, Buďte první, kdo vytvoří štítek k tomuto záznamu!

MARC

LEADER 00000nam a2200000Ia 4500
008 170316s9999 xx 000 0 und d
040 |a cru BVZT 
090 |a 860 V-7pa 
100 |a Vargas LLosa, Mario 
245 |a El Paraíso en la otra esquina 
260 |a Madrid, España 
260 |b Punto de lectura 
260 |c 2003 
300 |a 571 páginas 
650 |a LITERATURA LATINOAMERICANA 
650 |a NOVELA 
999 |c 9328  |d 9328 
942 |c 15 D  |h 860 V-7pa  |2 z